LEADER 01244nam 2200349 450 001 996280728003316 005 20231020015822.0 010 $a0-7381-0609-7 035 $a(CKB)1000000000035155 035 $a(NjHacI)991000000000035155 035 $a(EXLCZ)991000000000035155 100 $a20231020d1996 uy 0 101 0 $aeng 135 $aur||||||||||| 181 $ctxt$2rdacontent 182 $cc$2rdamedia 183 $acr$2rdacarrier 200 10$aIEEE Std 1460-1996 $eIEEE Guide for the Measurement of Quasi-Static Magnetic and Electric Fields /$fInstitute of Electrical and Electronics Engineers 210 1$aNew York, NY :$cIEEE,$d1996. 215 $a1 online resource (v, 19 pages) $cillustrations 311 $a1-55937-873-5 330 $aA listing of possible measurement goals related to characterizing quasi-static magnetic and electric fields and possible methods for their accomplishment is provided. 517 $aIEEE Std 1460-1996 606 $aElectric fields$xMeasurement$vCongresses 615 0$aElectric fields$xMeasurement 676 $a537 801 0$bNjHacI 801 1$bNjHacl 906 $aDOCUMENT 912 $a996280728003316 996 $aIEEE Std 1460-1996$93574605 997 $aUNISA LEADER 02334nam 22004813a 450 001 996588064603316 005 20230927151900.0 010 $a1-80073-415-8 024 7 $a10.1515/9781800734159 035 $a(CKB)4950000000290017 035 $a(ScCtBLL)d55c1f25-3b68-4a25-bc24-878b317c42d9 035 $a(DE-B1597)666521 035 $a(DE-B1597)9781800734159 035 $a(EXLCZ)994950000000290017 100 $a20211214i20212021 uu 101 0 $aeng 135 $auru|||||||||| 181 $ctxt$2rdacontent 182 $cc$2rdamedia 183 $acr$2rdacarrier 200 00$aAfter Corporate Paternalism $eMaterial Renovation and Social Change in the Time of Ruination /$fChristian Straube$hVolume 24 210 1$a[s.l.] :$cBerghahn Books,$d2021. 215 $a1 online resource 225 1 $aIntegration and Conflict Studies 330 $aIn this ethnographic study of post-paternalist ruination and renovation, Christian Straube explores social change at the intersection of material decay and social disconnection in the former mine township Mpatamatu of Luanshya, one of the oldest mining towns on the Zambian Copperbelt. Touching on topics including industrial history, colonial town planning, social control and materiality, gender relations and neoliberal structural change, After Corporate Paternalism offers unique insights into how people reappropriate former corporate spaces and transform them into personal projects of renovation, fundamentally changing the characteristics of their community. 410 $aIntegration and Conflict Studies 606 $aSocial Science / Anthropology / Cultural & Social$2bisacsh 606 $aSocial Science / Sociology / Rural$2bisacsh 606 $aSocial Science / Developing & Emerging Countries$2bisacsh 606 $aSocial sciences 615 7$aSocial Science / Anthropology / Cultural & Social 615 7$aSocial Science / Sociology / Rural 615 7$aSocial Science / Developing & Emerging Countries 615 0$aSocial sciences 676 $a303.4 700 $aStraube$b Christian$01205451 712 02$aKnowledge Unlatched$4fnd$4http://id.loc.gov/vocabulary/relators/fnd 801 0$bScCtBLL 801 1$bScCtBLL 906 $aBOOK 912 $a996588064603316 996 $aAfter Corporate Paternalism$92781720 997 $aUNISA